Statistics for E80(あぶくま高原道路)のIC

Click here to take the quiz!

General Stats

  • This quiz has been taken 6 times
  • The average score is 7 of 8

Answer Stats

あぶくま高原道路% Correct
IC矢吹
100%
IC福島空港
100%
IC小野
100%
IC玉川
80%
IC平田西
80%
IC平田
80%
IC矢吹中央
60%
IC石川母畑
60%

Score Distribution

Percentile by Number Answered

Percent of People with Each Score

Your Score History

You have not taken this quiz